| 000 | 02952cam a22006254i 4500 | ||
|---|---|---|---|
| 003 | PE-LiUPU | ||
| 005 | 20250731180135.0 | ||
| 008 | 150625s2005 pe a rb 000 0 spa d | ||
| 035 | _a(Sirsi) a38577 | ||
| 040 |
_aPE-LiUPU _bspa _cPE-LiUPU _dPE-LiUPU _erda |
||
| 082 | 0 | 4 |
_a515.076 _bE882005 1 _221 |
| 100 | 1 |
_aEspinoza Ramos, Eduardo, _d1946-, _eautor. |
|
| 245 | 1 | 0 |
_aAnálisis matemático I : _bpara estudiantes de ciencia de ingeniería / _cEduardo Espinoza Ramos. |
| 250 | _aCuarta edición. | ||
| 264 | 1 |
_aLima : _bServicios graficos, _c2005. |
|
| 300 |
_a765 páginas : _bilustraciones ; _c22 centímetros |
||
| 336 |
_atext _2rdacontent |
||
| 337 |
_aunmediated _2rdamedia |
||
| 338 |
_avolume _2rdacarrier |
||
| 504 | _aBibliografía: páginas 763-765. | ||
| 505 | 0 | _aSistema de números reales -- Relaciones y funciones -- Limites y continuidad -- La derivada -- Aplicaciones de la derivada. | |
| 526 | _aSEG44 | ||
| 526 | _aSEG26 | ||
| 526 | _aP159 | ||
| 526 | _aP155 | ||
| 526 | _aP154 | ||
| 526 | _aP153 | ||
| 526 | _aP150 | ||
| 526 | _aP100 | ||
| 526 | _aP31 | ||
| 526 | _aP30 | ||
| 526 | _aP26 | ||
| 526 | _aP25 | ||
| 526 | _aP24 | ||
| 526 | _aP22 | ||
| 526 | _aP15 | ||
| 526 | _aP10 | ||
| 541 | _g001-003115; | ||
| 541 | _g001-003115; | ||
| 650 | 0 | 4 |
_aAnálisis matemático _xEstudio y enseñanza. |
| 650 | 0 | 4 |
_aAnálisis matemático _vProblemas, ejercicios, etc. |
| 650 | 0 | 4 |
_aIntegrales _vProblemas, ejercicios, etc. |
| 650 | 0 | 4 | _aVariables (Matemáticas) |
| 650 | 0 | 4 |
_aFunciones analíticas _v-Problemas, ejercicios, etc. |
| 910 |
_bjv _cng _d20080220 |
||
| 942 |
_2ddc _cBOOK |
||
| 949 |
_a515.076 E88 1 2005 _wDEWEY _c1 _i62453 _lCCODEBUL1 _mBUL _p10 _r0 _sY _tBOOK _u2015-06-25 _xBIBLIOTECA _zUNKNOWN _0COMPRA _o.STAFF. Colección General |
||
| 949 |
_a515.076 E88 1 2005 _wDEWEY _c2 _i57891 _lCCODEBUL1 _mBUL _p10 _r0 _sY _tBOOK _u2015-06-25 _xINGENIERIA _zUNKNOWN _0COMPRA _o.STAFF. Colección General |
||
| 949 |
_a515.076 E88 1 2005 _wDEWEY _c3 _i57892 _lCCODEBUL1 _mBUL _p8.00 _r0 _sY _tBOOK _u2015-06-25 _xINGENIERIA _zUNKNOWN _0COMPRA _o.STAFF. Colección General |
||
| 596 | _a1 | ||
| 999 |
_a515.076 E88 1 2005 _wDEWEY _c46875 _i62453 _d46875 _e2019-10-21 _f2019-12-10 _g6 _lDISCARD _mBUL _n46 _p6.18 _q3 _r1 _sY _tBOOK _u2015-6-25 _xINGENIERIA _zUNKNOWN _0COMPRA _o.STAFF. Colección Ingeniería y Arquitectura |
||
| 999 |
_a515.076 E88 1 2005 _wDEWEY _c2 _i57891 _d2019-6-3 _e2019-5-21 _f2019-12-13 _g6 _lDISCARD _mBUL _n28 _p20.00 _q2 _r0 _sY _tBOOK _u2015-6-25 _xINGENIERIA _zUNKNOWN _0COMPRA _o.STAFF. Colección Ingeniería y Arquitectura |
||
| 999 |
_a515.076 E88 1 2005 _wDEWEY _c3 _i57892 _d2019-6-2 _e2019-5-26 _f2021-11-9 _g4 _lCCODEBUL1 _mBUL _n18 _p8.00 _q1 _r0 _sY _tBOOK _u2015-6-25 _xINGENIERIA _PP27 _0COMPRA _o.STAFF. Colección Ingeniería y Arquitectura |
||
| 980 |
_81 _gALBERTO SANCHEZ Responsable de Automatización |
||